<?xml version="1.0" encoding="UTF-8"?>
<collection xmlns="http://www.loc.gov/MARC21/slim">
 <record>
  <leader>01218nam a2200193Ia 4500</leader>
  <controlfield tag="001">CTU_214311</controlfield>
  <controlfield tag="008">210402s9999    xx            000 0 und d</controlfield>
  <datafield tag="082" ind1=" " ind2=" ">
   <subfield code="a">006.78</subfield>
  </datafield>
  <datafield tag="082" ind1=" " ind2=" ">
   <subfield code="b">Kh106/T.2</subfield>
  </datafield>
  <datafield tag="100" ind1=" " ind2=" ">
   <subfield code="a">Phạm, Hữu Khang</subfield>
  </datafield>
  <datafield tag="245" ind1=" " ind2="0">
   <subfield code="a">Microsoft office sharepoint Server 2007</subfield>
  </datafield>
  <datafield tag="245" ind1=" " ind2="0">
   <subfield code="c">Phạm Hữu Khang chủ biên, Phương Lan hiệu đính</subfield>
  </datafield>
  <datafield tag="260" ind1=" " ind2=" ">
   <subfield code="a">Hà Nội</subfield>
  </datafield>
  <datafield tag="260" ind1=" " ind2=" ">
   <subfield code="b">Lao động Xã hội</subfield>
  </datafield>
  <datafield tag="260" ind1=" " ind2=" ">
   <subfield code="c">2008</subfield>
  </datafield>
  <datafield tag="520" ind1=" " ind2=" ">
   <subfield code="a">Nội dung quyển sách &quot;Microsoft Office SharePoint Server 2007&quot; bao gồm 8 chương cung cấp cho bạn kiến thức từ khi quản trị, tạo Web Application, tạo SharePoint Web Site, điều hành SharePoint List, quản lý người sử dụng, phân quyền thiết kế và truy cập dữ liệu, sao lưu hay phục hồi cơ sở dữ liệu, giới thiệu đễn bạn đọc.</subfield>
  </datafield>
  <datafield tag="650" ind1=" " ind2=" ">
   <subfield code="a">Intranets (Computer networks),Web servers.,Microsoft SharePoint (Electronic resource),Mạng nội bộ (mạng máy tính),Microsoft SharePoint (Tài nguyên điện tử)</subfield>
  </datafield>
  <datafield tag="904" ind1=" " ind2=" ">
   <subfield code="i">Vũ Thị Út-Tuyến</subfield>
  </datafield>
  <datafield tag="980" ind1=" " ind2=" ">
   <subfield code="a">Trung tâm Học liệu Trường Đại học Cần Thơ</subfield>
  </datafield>
 </record>
</collection>
